Serwis informacyjny Komisji Zakładowej NSZZ Solidarność, Uniwersytet im. A. Mickiewicza w Poznaniu

Titel: Serwis informacyjny Komisji Zakładowej NSZZ Solidarność, Uniwersytet im. A. Mickiewicza w Poznaniu
Körperschaft:
Veröffentlicht: Poznań : NSZZ "Solidarność" przy UAM, 1981-
Erscheinungsverlauf: 1981 [?]
Format: Zeitschrift, Zeitung
Sprache: Polnisch
Schlagworte:
Kein Bild verfügbar
X
alg: 48121966
001A    $06050:06-07-21 
001B    $06050:07-12-21 $t15:36:00.000 
001D    $06050:06-07-21 
001U    $0utf8 
001X    $00 
002@    $0Abvc 
002C    $aText $btxt $2rdacontent 
002D    $aohne Hilfsmittel zu benutzen $bn $2rdamedia 
002E    $aBand $bnc $2rdacarrier 
003@    $0481219668 
003O    $01287240087 $aOCoLC 
006Z    $03075544-X 
007A    $03075544-X $aZDB 
010@    $apol 
010E    $erda 
011@    $a1981 $n1981- 
013D    $RPresse $RFortlaufendes Sammelwerk $#Periodicals $#Yearbooks $#Périodiques $#Annuaires $#Publicaciones periódicas $#journals $#Periodical $#Periodicals as Topic $#Zeitschrift $#Zeitschrift $#Periodikum $#Zeitschriften $74067488-5 $8Zeitschrift [Tsz] $9085189774 
018@    $0u 
021A    $aSerwis informacyjny Komisji Zakładowej NSZZ Solidarność, Uniwersytet im. A. Mickiewicza w Poznaniu 
029A    $BVerfasser $RNSZZ "Solidarność" $#Komisja Zakładowa przy Uniwersytecie Imienia Adama Mickiewicza $#NSZZ "Solidarność" przy UAM $#KZ NSZZ S UAM $4aut $75331191-7 $8NSZZ "Solidarność"$bKomisja Zakładowa przy Uniwersytecie Imienia Adama Mickiewicza [Tb1] $9074473883 
031@    $a1981 [?] 
031N    $j1981 
033A    $pPoznań $nNSZZ "Solidarność" przy UAM 
044K    $qZDB $#NSZZ "Solidarność" (Labor organization) $#Niezależny Samorządny Związek Zawodowy "Solidarność" $#"Solidarność" $#Solidarität Gewerkschaft $#Unabhängige Selbstverwaltete Gewerkschaft Solidarität $#USG Solidarität $71089046-4 $8NSZZ "Solidarność" [Tb1] $9042279771 
044K    $qZDB $RInteressenverband $RArbeiterbewegung $RSyndikalismus $RArbeitnehmerverband $#Labor unions $#Syndicats $#Sindacati $#Funcionarios Sindicatos $#trade unions $#Gewerkschaft $#Gewerkschaft $#Gewerkschaften $74020872-2 $8Gewerkschaft [Ts1] $9085050695 
044K    $qZDB $RUntergrundpublizistik $#Samisdat-Literatur $#Samizdat $74130988-1 $8Samisdat [Ts1] $9085465429 
044K    $qZDB $#Posen $#Posen $#Posnania $#Posna $#Pozniań $#Miasto Stołeczne Poznań $#Stołeczne Miasto Poznań $#Poznań $74046868-9 $8Posen [Tg1] $9085130834 

lok: 48121966 24

exp: 48121966 24 1 #EPN
201B/01 $010-12-21 $t09:30:20.000 
201C/01 $006-12-21 
201U/01 $0utf8 
203@/01 $01174043458 
208@/01 $a06-12-21 $bp 
209A/01 $aU/ 32 VII Od Z 580 $dd $f050 $h32 7 Od Z 580 $x00 $lnx 
209E/01 $a65.1981(14. Okt.) $x02 
209G/01 $aRara $x01 
220C/01 $aO/SK. - [e/K:Urbanczyk]//Ho-Sz 
231@/01 $d65 $j1981 
247C/01 $8358050-7 Marburg, Bibliothek des Herder-Instituts Marburg $9102600961 

lok: 48121966 78

exp: 48121966 78 1 #EPN
201B/01 $006-05-22 $t11:57:28.000 
201C/01 $006-05-22 
201U/01 $0utf8 
203@/01 $01199253766 
208@/01 $a06-05-22 $be 
209A/01 $a/ $f000 $x00 
209A/01 $ab*p $x01 
220C/01 $apgar 
244Z/01 $#Generalgouvernement Polen $#Polska $#Rzeczpospolita Polska $#Polska Rzeczpospolita Ludowa $#Poland $#Pologne $#République Polonaise $#Generalne Gubernatorstwo w Polsce $#Polish People's Republic $#Polska Rzeczpospolita Polen $#PRL $#RP $#Polen Generalgouvernement $#Polska Generalgouvernement $#Besetzte Polnische Gebiete $#Besetztes Gebiet in Polen $#Okupowane Polskie Obszary $#Obszary Okupowane w Polsce $#Volksrepublik Polen $#Polska Rosyjska $#Republic Polen $#Respublika Pol'ša $#Pol'skaja Narodnaja Respublika $#République de Pologne $#Polen Links der Weichsel $#Polska po Lewej Stronie Wisły $#Lenkija $#Polija $#Gubernija Carstva Pol'skago $#Republik Polen $74046496-9 $8--Tg1--Polen $x01 $9085129801 
244Z/01 $#Wielkopolska $#Polonia Maior $#Greater Poland $#Velkopolsko $#Grande-Pologne $#Nagy-Lengyelország $74223407-4 $8--Tg1--Großpolen $x02 $9086156667 
247C/01 $82080>Marburg/Lahn, Herder-Institut, Forschungsbibliothek, Bibliographieportal $9336309341
LEADER 00000cas a2200000 c 4500
001 481219668
003 DE-603
005 20211207153600.0
007 tu
008 210706c19819999xx u| p| 0 |1pol c
016 7 |2 DE-600  |a 3075544-X 
035 |a (DE-599)ZDB3075544-X 
035 |a (OCoLC)1287240087 
040 |a DE-603  |b ger  |c DE-603  |d DE-603  |e rda 
041 |a pol 
110 2 |a NSZZ "Solidarność"  |b Komisja Zakładowa przy Uniwersytecie Imienia Adama Mickiewicza  |e Verfasser  |4 aut  |0 (DE-603)074473883  |0 (DE-588)5331191-7  |2 gnd 
245 0 0 |a Serwis informacyjny Komisji Zakładowej NSZZ Solidarność, Uniwersytet im. A. Mickiewicza w Poznaniu 
264 3 1 |a Poznań  |b NSZZ "Solidarność" przy UAM  |c 1981- 
336 |a Text  |b txt  |2 rdacontent 
337 |a ohne Hilfsmittel zu benutzen  |b n  |2 rdamedia 
338 |a Band  |b nc  |2 rdacarrier 
362 0 |a 1981 [?] 
363 0 0 |8 1.1\x  |i 1981 
610 1 7 |a NSZZ "Solidarność"  |2 gnd  |0 (DE-588)1089046-4  |0 (DE-603)042279771 
650 7 |a Gewerkschaft  |0 (DE-588)4020872-2  |0 (DE-603)085050695  |2 gnd 
650 7 |a Samisdat  |0 (DE-588)4130988-1  |0 (DE-603)085465429  |2 gnd 
651 7 |a Posen  |0 (DE-588)4046868-9  |0 (DE-603)085130834  |2 gnd 
655 7 |a Zeitschrift  |2 gnd-content  |0 (DE-588)4067488-5  |0 (DE-603)085189774 
924 0 |9 Mb 50  |a (DE-603)1174043458  |b DE-Mb50  |c HES  |d d  |g U/ 32 VII Od Z 580  |h Rara  |m 65  |q 1981  |z 65.1981(14. Okt.) 
924 0 |9 2080  |a (DE-603)1199253766  |b DE-2080  |c HES  |d d  |g /